000 00417nam a2200181Ia 4500
001 19942
005 20260306172729.0
008 260306t2005||||xx |||||||||||||| ||spa||
041 _aESP
082 _a341.52
_bV64
100 _aVigo, Rodolfo Luis
_eAUT
245 0 _aDe la ley al derecho
260 _c2005
300 _a258 páginas :
_c23 cm.
650 _aGEN
654 _aCDE
942 _cLIB
_dJUS
_fJUS
_2ddc
_n
999 _c19942
_d19942